| 000 | 00359nam a2200133Ia 4500 | ||
|---|---|---|---|
| 008 | 150201s2007 xx 000 0 und d | ||
| 082 |
_a610.6 _bO07S |
||
| 100 | _aSHARMA,GN | ||
| 245 | _aOPERATION THEARE TECHNIQUE AND MANAGMANET | ||
| 250 | _a1ST | ||
| 260 |
_bMEDICI REFRESHER _aAGRA _c2007 |
||
| 650 | _aOTHER CLINICAL & NON CLINICAL BOOKS | ||
| 942 |
_2ddc _cBK |
||
| 999 |
_c1089 _d1089 |
||